000 00870nam a2200253 a 4500
001 000027257
003 OSt
005 20260321073641.0
008 100805s2010 dr 001 p spa d
020 _a9789945404302
040 _aDO-SdBNP
_bspa
_cBNPHU
082 _aRD861.4408
_bA111v
245 0 0 _aA viva Bosch :
_bcien poetas cantan a Juan Bosch en el centenario de su nacimiento /
_cpresentación William Mejía.
260 _aSanto Domingo :
_bEdiciones de Cultura,
_c2010.
300 _a224 p. ;
_c23 cm.
500 _aIncluye bibliografía y notas al pie de las páginas.
590 _aInventariado, 2018/LP
600 1 0 _a Bosch, Juan,
_d1909-2001
_976555
650 1 4 _aPoesía dominicana
_9351
_vColecciones
650 1 0 _aLiteratura dominicana.
_967
700 1 _aMejía, William,
_91538
910 _aValidado. Control de calidad EMS.
942 _2ddc
_cLBS1
999 _c26749
_d26749